Normal view
MARC view
- Larimore, Michael G
Entry Personal Name
001 - CONTROL NUMBER
- control field: 104110
003 - CONTROL NUMBER IDENTIFIER
- control field: NUST
005 - DATE AND TIME OF LATEST TRANSACTION
- control field: 20221205115006.0
008 - FIXED-LENGTH DATA ELEMENTS
- fixed length control field: 221205|| aca||aabn | a|a d
040 ## - CATALOGING SOURCE
- Original cataloging agency: NUST
- Transcribing agency: NUST
100 ## - HEADING--PERSONAL NAME
- Personal name: Larimore, Michael G
670 ## - SOURCE DATA FOUND
- Source citation: Work cat.: (NUST)182400: Treichler, John R. 104108, Theory and design of adaptive filters /, c2001.
